| 000 | 00811nam a2200265Ia 4500 | ||
|---|---|---|---|
| 003 | OSt | ||
| 005 | 20220930201616.0 | ||
| 006 | a|||||r|||| 00| 0 | ||
| 007 | ta | ||
| 008 | 220926b |||||||| |||| 00| 0 hin d | ||
| 024 | _a74863 | ||
| 037 | _cDissertations | ||
| 040 |
_aCRL _cCRL _bhin |
||
| 041 |
_2hin _ahin |
||
| 100 |
_aDalpatia Krishan Singh _9566035 |
||
| 110 | _aUniversity of Delhi. Faculty of Arts. Department of Hindi | ||
| 245 | 0 | _aRamcharitmanas ka uttar kaand | |
| 260 | _c1969 | ||
| 300 |
_a214p. _ccm. |
||
| 650 |
_aHINDI LITERATURE _923866 |
||
| 700 |
_a Dr. Vijay Bahadur Awasthi Gu. _9566036 |
||
| 700 | _aUniversity of Delhi. Faculty of Arts. Department of Hindi | ||
| 942 |
_cDIS _2CC |
||
| 999 |
_c902170 _d902170 |
||